Представление документа в формате RUSMARC

ПолеНазваниеЗначение
  Тип записи a
  Библиографический уровень m
001 Контрольный номер RU/SLIB/B/208707596
005 Дата корректировки 20241108114322.2
010 Индекс ISBN __
d Цена 1-30
101 Язык документа 0_
a Язык текста rus
c Язык оригинала rus
200 Заглавие и сведения об ответственности 0_
a Заглавие С кем вы, мастера культуры?
f Первые сведения об ответственности сост. Е. Стояновский ; худож. А. Еремин
b Общее обозначение материала Текст
210 Выходные данные 1_
a Место издания М.
c Издательство Худож. лит.
d Дата издания 1985
215 Физическое описание __
a Объем 542 с.
606 Тематические рубрики __
a Основная рубрика Литературоведение
606 Тематические рубрики __
a Основная рубрика Художественная литература
z Хронологическая подрубрика 20 в.
y Географическая подрубрика Россия
606 Тематические рубрики __
a Основная рубрика Русская литература XX в.
606 Тематические рубрики __
a Основная рубрика Русская литература XX в. (произведения)
610 Ключевые слова 0_
a Ключевые слова войны; внешняя политика; внутренняя политика; революции; Вторая мировая война; Октябрьская революция; фашизм; мир
686 Индексы других классификаций __
2 Код системы rubbks
a Классификационный индекс 84(0)6-4
686 Индексы других классификаций __
a Классификационный индекс 83.3(0)6-8; ст84(0)6-4 + ст83.3(0)6
702 Вторичная интеллектуальная ответственность _1
a Фамилия Стояновский
b Имя Е.
4 Код отношения Составитель
4 Код отношения 220
702 Вторичная интеллектуальная ответственность _1
a Фамилия Еремин
b Имя А.
4 Код отношения Художник
4 Код отношения 040
801 Источник записи _0
a Страна RU
b Организация Муниципальное бюджетное учреждение культуры "Централизованная библиотечная система" г. Сургут (Центральная городская библиотека им. А. С. Пушкина)
g Правила каталогизации ОБ/Смолякова
801 Источник записи _1
a Страна RU
b Организация Муниципальное бюджетное учреждение культуры "Централизованная библиотечная система" г. Сургут (Центральная городская библиотека им. А. С. Пушкина)
g Правила каталогизации ОБ/Смолякова
852 Данные о местонахождении __
j Шифр хранения 84(0)6-4
c Каталожный индекс 84(0)6-4; 83.3(0)6-8
i Авторский знак С 11
p Инвентарный номер 21097
901 Тип документа __
t Тип документа m
903 Характеристики (МАРС) __
a Дата передачи 19990505
990 Данные о заказе (DOS) 00
j Количество экземпляров (DOS) 3
t N записи в КСУ для И/У (DOS) 199101